00682 a2200193 4500020001500000020001800015082001100033090001500044100002200059245010300081260003100184300002100215490004800236700002200284830004700306942002500353999001700378952009300395 a0387306552 a9780387306551 a003.54 c1066d10661 aSalicone, Simona.10aMeasurement uncertainty :ban approach via the mathematical theory of evidence /cSimona Salicone. a[S.l.] :bSpringer,c2007. a238 p. ;c24 cm.1 aSpringer series in reliability engineering. aSalicone, Simona. aSpringer series in reliability engineering aSNScBKk003.54 SAL c29683d29683 00104070aSNSbSNSd2016-05-26l0o003.54 SALpSNS0001252r2016-05-26w2016-05-26yBK